Anna and the King / (Record no. 25256)

MARC details
000 -LEADER
fixed length control field 01747ngm a2200385 4500
003 - CONTROL NUMBER IDENTIFIER
control field dpl
005 - DATE AND TIME OF LATEST TRANSACTION
control field 2009031608478.0
007 - PHYSICAL DESCRIPTION FIXED FIELD--GENERAL INFORMATION
fixed length control field DVD
008 - FIXED-LENGTH DATA ELEMENTS--GENERAL INFORMATION
fixed length control field ||||||sp199 xxu|||||c|||| 00| 0 eng d
010 ## - LIBRARY OF CONGRESS CONTROL NUMBER
LC control number DVD-001774-1776
024 ## - OTHER STANDARD IDENTIFIER
Terms of availability 199.00
Standard number or code FOX 1017
035 ## - SYSTEM CONTROL NUMBER
System control number DVD-001774-1776
040 ## - CATALOGING SOURCE
Original cataloging agency DPL
Transcribing agency DPL
082 ## - DEWEY DECIMAL CLASSIFICATION NUMBER
Classification number DVD / ANNA
245 ## - TITLE STATEMENT
Title Anna and the King /
Statement of responsibility, etc Fox 2000 Pictures Presents
Medium [videorecording] DVD/
260 ## - PUBLICATION, DISTRIBUTION, ETC. (IMPRINT)
Name of publisher, distributor, etc 20th Century Fox Home Entertainment
300 ## - PHYSICAL DESCRIPTION
Extent 2 videodisc VCD;
Other physical details sd., col. ;
Dimensions 4 3/4 in.
Type of unit VCD
440 ## - SERIES STATEMENT/ADDED ENTRY--TITLE
Title 20th Centyry Fox Home Entertainment
500 ## - GENERAL NOTE
General note Sole Distributor in India M/s. Excel Productions Autio Visuals Pvt. Ltd.
500 ## - GENERAL NOTE
General note This DVD is Copy Protected
538 ## - SYSTEM DETAILS NOTE
System details note Dolby Digital 5.1-English Subtitles: English
538 ## - SYSTEM DETAILS NOTE
System details note Aspect Ratio: 1.85:1, Presentation type: Wide Screne, Presentation Size 16x9, Format DVD 9 Dual Layer Single Sided Disc.
650 ## - SUBJECT ADDED ENTRY--TOPICAL TERM
Topical term or geographic name as entry element Mothin Picture
700 ## - ADDED ENTRY--PERSONAL NAME
Personal name Foster, Jodie
700 ## - ADDED ENTRY--PERSONAL NAME
Personal name Yun-Fat, Chow
700 ## - ADDED ENTRY--PERSONAL NAME
Personal name Fenton, George
700 ## - ADDED ENTRY--PERSONAL NAME
Personal name Jashni, Jon
700 ## - ADDED ENTRY--PERSONAL NAME
Personal name Bondelli, Roger
700 ## - ADDED ENTRY--PERSONAL NAME
Personal name Mac Brown, G.
942 ## - ADDED ENTRY ELEMENTS (KOHA)
Koha item type CD-ROMs, DVDs, VHS
Source of classification or shelving scheme Dewey Decimal Classification
Classification part DVD
Call number suffix ANNA
Holdings
Withdrawn status Lost status Source of classification or shelving scheme Damaged status Not for loan Home library Current library Date acquired Source of acquisition Cost, normal purchase price Total Checkouts Full call number Barcode Date last seen Date checked out Copy number Cost, replacement price Price effective from Koha item type
    Dewey Decimal Classification     Central Library Central Library 16/03/2009 Purchase 199.00 10 DVD ANNA DVD-001774 18/07/2014 16/07/2014 1 199.00 16/03/2009 CD-ROMs, DVDs, VHS
    Dewey Decimal Classification     Patel Nagar Patel Nagar 16/03/2009 Purchase 199.00 5 DVD ANNA DVD-001776 23/08/2011 20/08/2011 1 199.00 16/03/2009 CD-ROMs, DVDs, VHS
    Dewey Decimal Classification     Sarojini Nagar Sarojini Nagar 16/03/2009 Purchase 199.00 8 DVD ANNA DVD-001775 01/03/2013 19/02/2013 1 199.00 16/03/2009 CD-ROMs, DVDs, VHS

© Delhi Public Library
Hit Counter
free hit counter